000 00624nam a2200181 4500
003 SEACOMEC
005 20241118160941.0
008 241118b |||||||| |||| 00| 0 eng d
020 _a978-1558603691
_c395.00
040 _aSEACOMEC
082 _a005.746
_bG449
100 _a Gibson, Jerry D... ...etal
245 _aDigital Compression for Multimedia: Principles and Standard/
_c Jerry D. Gibson, Toby Berger , Tom Lookabaugh , Rich Baker and David Lindbergh
260 _aNew Delhi
_bElsevier
_c1998
300 _a478 p
440 _aThe Morgan Kaufmann Series in Multimedia Information and Systems
942 _cBOOK
999 _c1824
_d1824